| 000 | 00691nam a2200217 a 4500 | ||
|---|---|---|---|
| 005 | 20140310183541.0 | ||
| 008 | 111011s19uu xx 00 eng d | ||
| 010 | _a92029806 | ||
| 020 | _a9780802132635 | ||
| 050 |
_aPN 162 _b.Ed36 1993 |
||
| 245 |
_aEditors on editing : _bwhat writers need to know about what editors do / _cselected, edited, and with commentary and preface by Gerald Gross. |
||
| 250 | _a3rd completely rev. ed | ||
| 260 |
_aNew York : _bGrove Press, _c1993. |
||
| 300 |
_a377 p. : _c24 cm. |
||
| 500 | _aIncludes bibliographical references. | ||
| 521 | _aMC | ||
| 650 | _aEditing | ||
| 650 |
_aEditors _xCorrespondence |
||
| 942 |
_cBK _2lcc _kLOC |
||
| 999 |
_c24798 _d24798 |
||